000
00263nam a2200097Ia 4500
008
170619s9999 xx 000 0 und d
100
_a
MODI- P N
245
0
_a
HYDRALAULICS AND FLUID MECHANICS INCLUDING HYDRAULIC MACHINES
260
_b
ROORKEE; NEM CHAND
260
_c
2007
546
_a
ENGLISH
999
_c
18461
_d
18461